Manual Course Book For Reproductive Health Nursing / (رقم التسجيلة. 106197)

تفاصيل مارك
000 -الفاتح
عناصر البيانات ثابتة الطول 00767cam a2200217 i 4500
005 - تاريخ ووقت آخر معاملة
حقل ضبط 20260216114007.0
008 - عناصر البيانات ثابتة الطول
عناصر البيانات ثابتة الطول 250721s2007 jo gr 000 0 ara d
082 14 - رقم تصنيف ديوي العشري
رقم التصنيف 610.73
رقم المادة R A J
100 1# - مدخل رئيسي – اسم شخصي
الاسم الشخصي Al-Rajaby، Omymah
علاقة الشخص بالعمل/ دوره Author.
245 10 - بيان العنوان
العنوان Manual Course Book For Reproductive Health Nursing /
بيان المسؤولية Omymah AL-Rajaby,Bandary Saleem Ayesh,Radi Khashram,Muna Al-Kharabshah.
264 31 - بيانات النشر، التوزيع…إلخ
مكان النشر، التوزيع...إلخ عمان :
اسم الناشر، الموزع...إلخ المعتز للنشرو التوزيع،
تاريخ النشر، التوزيع...إلخ 2007.
300 ## - الوصف المادي
عدد الوحدات المكونة للوعاء 240 Page.
650 17 - مدخل إضافي بالموضوع - مصطلح موضوعي
مصطلح موضوعي أو اسم جغرافي كعنصر مدخل NURSING.
650 17 - مدخل إضافي بالموضوع - مصطلح موضوعي
مصطلح موضوعي أو اسم جغرافي كعنصر مدخل HEALTH SERVICE.
650 17 - مدخل إضافي بالموضوع - مصطلح موضوعي
مصطلح موضوعي أو اسم جغرافي كعنصر مدخل REPRODUCTIVE HEALTH NURSING.
700 1# - مدخل إضافي - اسم شخصي
الاسم الشخصي ayesh، bandary saleem
علاقة الشخص بالعمل/ دوره Author.
700 1# - مدخل إضافي - اسم شخصي
الاسم الشخصي Khashram,Radi
علاقة الشخص بالعمل/ دوره Author.
700 1# - مدخل إضافي - اسم شخصي
الاسم الشخصي AL-Kharabshah,Muna
علاقة الشخص بالعمل/ دوره Author.
942 ## - بيانات إضافية (كوها)
نوع التنصيف Dewey Decimal Classification
نوع المادة (كوها) مراجع
المقتنيات
حالة السحب حالة الفقدان مصدر التصنيف حالة التلف غير قابل للإعارة المكتبة الرئيسية المكتبة الحالية موقع الرف تاريخ التزويد رقم المخزون Total Checkouts رقم الإستدعاء الباركود تاريخ آخر ظهور تاريخ الفاتورة نوع المادة (كوها)
    Dewey Decimal Classification     المكتبة المركزية المكتبة المركزية الإعارة 28/07/2025 1091759   610.73 / R A J 1091759 28/07/2025 28/07/2025 مراجع
    Dewey Decimal Classification     المكتبة المركزية المكتبة المركزية الإعارة 28/07/2025 1091760   610.73 / R A J 1091760 28/07/2025 28/07/2025 كتب
    Dewey Decimal Classification   Not For Loan المكتبة المركزية المكتبة المركزية مقتنيات قسم التزويد 28/07/2025 1091763   610.73/RAJ 1091763 28/07/2025 28/07/2025 مراجع
    Dewey Decimal Classification     مكتبة أبو علندا العامة مكتبة أبو علندا العامة الإعارة 28/07/2025 1091773   610.73/RAJ 1091773 28/07/2025 28/07/2025 مراجع
    Dewey Decimal Classification     مكتبة أم قصير والمقابلين العامة مكتبة أم قصير والمقابلين العامة الإعارة 28/07/2025 1091772   610.73/RAJ 1091772 28/07/2025 28/07/2025 مراجع
    Dewey Decimal Classification     مكتبة الأميرة ايمان العامة مكتبة الأميرة ايمان العامة الإعارة 28/07/2025 1091764   610.73/RAJ 1091764 28/07/2025 28/07/2025 مراجع
    Dewey Decimal Classification     مكتبة الاميرة بديعة مكتبة الاميرة بديعة الإعارة 28/07/2025 1091767   610.73/RAJ 1091767 28/07/2025 28/07/2025 مراجع
    Dewey Decimal Classification     مكتبة الجويدة مكتبة الجويدة الإعارة 28/07/2025 1091768   610.73/RAJ 1091768 28/07/2025 28/07/2025 مراجع
    Dewey Decimal Classification     مكتبة الحسن العامة مكتبة الحسن العامة الإعارة 28/07/2025 1091769   610.73/RAJ 1091769 28/07/2025 28/07/2025 مراجع
    Dewey Decimal Classification     مكتبة النصر العامة مكتبة النصر العامة الإعارة 28/07/2025 1091775   610.73/RAJ 1091775 28/07/2025 28/07/2025 مراجع
    Dewey Decimal Classification   Not For Loan مكتبة تاريخ الأردن مكتبة تاريخ الأردن مراجع 28/07/2025 1091778   610.73/RAJ 1091778 28/07/2025 28/07/2025 مراجع
    Dewey Decimal Classification     مكتبة حمزة العامة مكتبة حمزة العامة الإعارة 28/07/2025 1091770   610.73/RAJ 1091770 28/07/2025 28/07/2025 مراجع
    Dewey Decimal Classification     مكتبة صويلح العامة مكتبة صويلح العامة الإعارة 28/07/2025 1091765   610.73/RAJ 1091765 28/07/2025 28/07/2025 مراجع
    Dewey Decimal Classification     مكتبة وادي السير العامة مكتبة وادي السير العامة الإعارة 28/07/2025 1091774   610.73/RAJ 1091774 28/07/2025 28/07/2025 مراجع
Implemented & Customized by: BBB with SCIT (Smart Chains for Information Technology)

Powered by Koha